Регионална библиотека "Любен Каравелов" - Русе

Les origines de la France contemporaine (Запис номер 431608)

MARC детайли
000 -Лидер
Контролно поле с фиксирана дължина nam a22 a 4500
003 - Код на организацията, давaща контролен номер
Контролно поле BLK
005 - Дата и час на последна редакция
Контролно поле 20210913163206.0
008 - Елементи от данни с фиксирана дължина
fixed length control field 210913b bu |||||r|||| 00| u bu d
040 ## - Източник на каталожния запис
Идентификатор на билиотеката - собственик на записа BLK
041 ## - Код за език
Код за езика на текст/звукозапис или на отделно заглавие Френски
Код за езика КДБФ Френски
080 ## - УДК
Текстов определител УДК История на Франция
УДК код - определител по УДК 94(44)
УДК - код + определител 94(44)
100 ## - Редна дума - Автор
R(LIN) 463866
Автор Taine, Hippolyte-Adolphe
Авторска отговорност първи автор
139 ## - Редно поле
Редна дума Taine, Hippolyte-Adolphe
245 ## - Сведения за заглавието
Заглавие Les origines de la France contemporaine
Редно поле (дума) Hippolyte Taine
Том Т. 1
Заглавие на том L'ancien regime
260 ## - Област на издателските данни
9 (RLIN) 210229
Място на издаване, разпространение и проч. Paris
Име на издателя, разпространителя и проч. Hachette
Година на издаване 1887
Издателство - префикс ISBN 2-01-
300 ## - Физическа характеристика
Размери/Мащаб 22 см
380 ## - Жанр
Жанр История
490 ## - СЕРИИ (Колекции)
9 (RLIN) 435080
Име на серия Колекция Редки и ценни издания
650 #0 - Допълнително описание по предмет – тема
9 (RLIN) 396464
Основно описание – тема или топоним История
651 #7 - Допълнително описание по предмет - топоним
9 (RLIN) 179722
Географско понятие Франция
653 #7 - Ключова дума – ненормативна
9 (RLIN) 187889
Ключова дума история
760 ## - Описание на основната серия
Редна дума на основното описание Hippolyte Taine
Място на издаване, издател и година Paris, 1887
Страници - том 554 с.
Част - том Т.1
Заглавие L'ancien regime
852 ## - Местоположение
Форматна сигнатура Рф 887
Фондова буква Редки и ценни
999 ## - СИСТЕМНИ КОНТРОЛНИ НОМЕРА
Koha biblionumber 431608
Koha biblioitemnumber 431608
942 ## - АРТИКУЛИ
Вид на библиотечния материал Книги
Скрит в OPAC Не
Периодичен библиозапис Да
944 ## - СЪЗДАВАНЕ И РЕДАКЦИЯ на ЗАПИСА
Създаване/Редакция Създаване
Дата на регистрацията/редакция 2021-09-13
Служител, извършил регистрацията/редакцията К.Д.
Статус, дата на статуса 2021-09-13
999 ## - СИСТЕМНИ КОНТРОЛНИ НОМЕРА
Koha biblioitemnumber 431608
Наличности
Код за отписване Код за изгубен артикул Източник на класификационната схема Код за повреда Коз за рестрикции Код за отдаване Артикулен № Име на библиотеката - собственик Име на библиотеката, в която се намира в момента Статус (Текущо местоположение) Дата на вписване в системата Местоположение - отдел Цена в лева Инвентарен номер Систематично азбучна сигнатура Баркод Цена в евро Служебен тип на артикула
  Не е изгубен Universal Decimal Classification Не е повреден само за читалня Специални фондове ( старопечатни, редки и ценни, фонд М. Арнаудов) 854566 Регионална библиотека "Любен Каравелов" Русе Регионална библиотека "Любен Каравелов" Русе Редки и ценни 2021-09-23 Редки и ценни 1.12 10677 Рф 887 900000078118 0.57 Книги
Vip Innovations Ltd, Rousse, Bulgaria 2025